[Event "24. Erfurter Schachfestival 2014 - Meis"]
[Site "Erfurt"]
[Date "2014.12.30"]
[Round "8.2"]
[White "Geske, Julian"]
[Black "Berelowitsch, Alexander"]
[Result "1/2-1/2"]
[WhiteElo "2399"]
[BlackElo "2543"]
[PlyCount "38"]
[EventDate "2014.12.26"]
[EventRounds "8"]
[EventCountry "GER"]
[Source "24. ESF 2014"]
[SourceDate "2014.12.30"]

1. e4 e6 2. d4 d5 3. Nd2 c5 4. exd5 Qxd5 5. Ngf3 cxd4 6. Bc4 Qd7 7. O-O Nc6 8.
Nb3 Nf6 9. Nbxd4 Nxd4 10. Nxd4 a6 11. Re1 Bc5 12. Be3 O-O 13. c3 Qc7 14. Bb3 e5
15. Nc2 Bg4 16. Qc1 Rfe8 17. Bxc5 Qxc5 18. Qe3 Qc7 19. Nb4 Rad8 1/2-1/2

[Event "24. Erfurter Schachfestival 2014 - Meis"]
[Site "Erfurt"]
[Date "2014.12.30"]
[Round "8.3"]
[White "Eichner, Sebastian"]
[Black "Poetsch, Hagen"]
[Result "1-0"]
[WhiteElo "2365"]
[BlackElo "2496"]
[PlyCount "119"]
[EventDate "2014.12.26"]
[EventRounds "8"]
[EventCountry "GER"]
[Source "24. ESF 2014"]
[SourceDate "2014.12.30"]

1. d4 Nf6 2. c4 b6 3. Nf3 Bb7 4. g3 c5 5. d5 b5 6. Bg2 bxc4 7. Nc3 d6 8. Nd2 g6
9. Nxc4 Bg7 10. Bf4 O-O 11. Rc1 Ba6 12. Na4 Nbd7 13. O-O Nb6 14. Na5 Qd7 15.
Nc6 Rfe8 16. Re1 Bb7 17. b4 Nbxd5 18. Na5 cxb4 19. Nxb7 Qxb7 20. Bg5 Qb5 21.
Bxf6 Nxf6 22. Bc6 Qh5 23. Kg2 d5 24. Qb3 Bh6 25. e3 Rab8 26. Bxe8 Nxe8 27. Rc5
e6 28. Ra5 Nf6 29. Nc5 Bf8 30. Qd1 Qe5 31. Qd4 Qc7 32. Nb3 e5 33. Rxa7 Qc3 34.
Qd2 Rc8 35. Rd1 h5 36. Qe2 Qc2 37. Qf3 Qf5 38. Qxf5 gxf5 39. Rc1 Rxc1 40. Nxc1
Ne4 41. Nd3 f6 42. Rb7 Nc3 43. Nxb4 Bxb4 44. Rxb4 Nxa2 45. Rb5 Nc3 46. Rc5 d4
47. exd4 exd4 48. Kf3 Kf7 49. Rc4 Ne4 50. Rxd4 Ng5+ 51. Ke3 Ne6 52. Rd7+ Kg6
53. Re7 f4+ 54. Kf3 Kf5 55. Rxe6 Kxe6 56. Kxf4 Ke7 57. Kf5 Kf7 58. h4 Kg7 59.
f3 Kf7 60. f4 1-0

[Event "24. Erfurter Schachfestival 2014 - Meis"]
[Site "Erfurt"]
[Date "2014.12.30"]
[Round "8.4"]
[White "Kollars, Dmitrij"]
[Black "Lubbe, Nikolas"]
[Result "0-1"]
[WhiteElo "2347"]
[BlackElo "2458"]
[PlyCount "66"]
[EventDate "2014.12.26"]
[EventRounds "8"]
[EventCountry "GER"]
[Source "24. ESF 2014"]
[SourceDate "2014.12.30"]

1. e4 c5 2. Nf3 Nc6 3. Bb5 e6 4. Bxc6 bxc6 5. O-O Nf6 6. e5 Nd5 7. d3 Be7 8.
Nbd2 f6 9. exf6 Nxf6 10. Qe2 O-O 11. Nc4 Nd5 12. Nce5 Rf5 13. c4 Nf4 14. Bxf4
Rxf4 15. g3 Rf8 16. Ne1 Bf6 17. f4 d6 18. N5f3 e5 19. fxe5 dxe5 20. Qe4 Bh3 21.
Ng2 Qd7 22. Rad1 Rae8 23. Nd2 Bg4 24. Rde1 Bh5 25. Nb3 Bg6 26. Qe3 Qxd3 27.
Qxc5 Qd7 28. Rd1 Bd3 29. Qe3 e4 30. Nf4 Bg5 31. Nc5 Qg4 32. h3 Bxf4 33. Qxd3
exd3 0-1

[Event "24. Erfurter Schachfestival 2014 - Meis"]
[Site "Erfurt"]
[Date "2014.12.30"]
[Round "8.5"]
[White "Wichmann, Cliff"]
[Black "Carlstedt, Jonathan"]
[Result "1/2-1/2"]
[WhiteElo "2361"]
[BlackElo "2437"]
[PlyCount "107"]
[EventDate "2014.12.26"]
[EventRounds "8"]
[EventCountry "GER"]
[Source "24. ESF 2014"]
[SourceDate "2014.12.30"]

1. d4 Nf6 2. Nf3 e6 3. c4 Bb4+ 4. Nbd2 d5 5. e3 O-O 6. Qc2 Nbd7 7. a3 Be7 8.
Be2 b6 9. cxd5 exd5 10. O-O Bb7 11. b3 c5 12. Bb2 Rc8 13. Rac1 cxd4 14. Qd3
dxe3 15. Qxe3 Re8 16. Qd3 Nc5 17. Qb1 Nfe4 18. Bb5 Rf8 19. Nxe4 Nxe4 20. Rfd1
Qd6 21. Bd3 Rxc1 22. Qxc1 Qc5 23. Nd4 Qxc1 24. Rxc1 Nc5 25. Nf5 Bg5 26. Rd1
Nxd3 27. Rxd3 Re8 28. Rd1 Re2 29. Bxg7 Bc8 30. Ng3 Ra2 31. Ra1 Rd2 32. Be5 Be7
33. b4 f6 34. Bc3 Rc2 35. Bd4 Kf7 36. Nf1 Bd6 37. Rd1 Ra2 38. Ne3 Be6 39. Rd3
Be5 40. h3 Bxd4 41. Rxd4 Rxa3 42. Nxd5 Ra4 43. Nc3 Ra1+ 44. Kh2 a5 45. b5 Ra3
46. Na4 Rb3 47. Nxb6 Rxb5 48. Rd6 Rb4 49. Rc6 a4 50. Rc7+ Kg6 51. Nd7 Bxd7 52.
Rxd7 a3 53. Ra7 Rb3 54. f3 1/2-1/2

[Event "24. Erfurter Schachfestival 2014 - Meis"]
[Site "Erfurt"]
[Date "2014.12.30"]
[Round "8.6"]
[White "Krause, Benedict"]
[Black "Vogel, Roven"]
[Result "0-1"]
[WhiteElo "2329"]
[BlackElo "2402"]
[PlyCount "52"]
[EventDate "2014.12.26"]
[EventRounds "8"]
[EventCountry "GER"]
[Source "24. ESF 2014"]
[SourceDate "2014.12.30"]

1. e4 g6 2. d4 Bg7 3. Nc3 d6 4. f4 a6 5. Nf3 b5 6. Bd3 Bb7 7. a4 b4 8. Ne2 Nf6
9. Ng3 Nbd7 10. O-O e6 11. e5 Nd5 12. Ne4 O-O 13. exd6 N5f6 14. dxc7 Qxc7 15.
Qe2 Nxe4 16. Bxe4 Bxe4 17. Qxe4 Rac8 18. Rf2 a5 19. Be3 Rfd8 20. Rc1 Nb6 21. c3
bxc3 22. Rxc3 Qb8 23. Rb3 Qd6 24. Rb5 Nd5 25. Rxa5 Qb4 26. Rc5 Rxc5 0-1

[Event "24. Erfurter Schachfestival 2014 - Meis"]
[Site "Erfurt"]
[Date "2014.12.30"]
[Round "8.7"]
[White "Thinius, Marco"]
[Black "Krause, Jonah"]
[Result "1/2-1/2"]
[WhiteElo "2333"]
[BlackElo "2188"]
[PlyCount "102"]
[EventDate "2014.12.26"]
[EventRounds "8"]
[EventCountry "GER"]
[Source "24. ESF 2014"]
[SourceDate "2014.12.30"]

1. c4 g6 2. Nc3 Bg7 3. g3 Nf6 4. Bg2 O-O 5. d4 d6 6. Nf3 Nc6 7. O-O e6 8. Qd3
Bd7 9. d5 Nb4 10. Qd1 a5 11. e4 e5 12. Ne1 Ne8 13. a3 Na6 14. Nd3 Nc5 15. Be3
b6 16. b3 f5 17. Rb1 f4 18. Bxc5 bxc5 19. b4 axb4 20. axb4 cxb4 21. Nxb4 h5 22.
Nb5 Qg5 23. Rb3 h4 24. Nc6 Rf7 25. Qc2 Bf8 26. Qe2 Bg4 27. f3 Bd7 28. g4 h3 29.
Bxh3 Rh7 30. Bg2 Qh4 31. h3 Qg3 32. Qf2 Rxh3 33. Qxg3 Rxg3 34. Nc3 Nf6 35. Ne2
Nxe4 36. Nxg3 Nxg3 37. Nb8 Nxf1 38. Nxd7 Ne3 39. Rb8 Rxb8 40. Nxb8 Nxc4 41. Na6
Be7 42. Nxc7 Bd8 43. Nb5 Bb6+ 44. Kh2 Bc5 45. Bf1 Ne3 46. Bd3 Kg7 47. Be4 Kf6
48. Nc7 Nf1+ 49. Kg2 Ne3+ 50. Kh2 Nf1+ 51. Kg2 Ne3+ 1/2-1/2

[Event "24. Erfurter Schachfestival 2014 - Meis"]
[Site "Erfurt"]
[Date "2014.12.30"]
[Round "8.8"]
[White "Schulz, Karsten"]
[Black "Osmanodja, Filiz"]
[Result "1/2-1/2"]
[WhiteElo "2295"]
[BlackElo "2295"]
[PlyCount "94"]
[EventDate "2014.12.26"]
[EventRounds "8"]
[EventCountry "GER"]
[Source "24. ESF 2014"]
[SourceDate "2014.12.30"]

1. d4 Nf6 2. Bf4 e6 3. e3 c5 4. Nf3 b6 5. Bd3 Bb7 6. Nbd2 Be7 7. h3 O-O 8. O-O
Re8 9. Qe2 Nd5 10. Bh2 Nb4 11. Rfd1 Nxd3 12. cxd3 Nc6 13. Ne5 cxd4 14. e4 f6
15. Nxc6 dxc6 16. f4 c5 17. Rf1 Rc8 18. a4 a6 19. Rfc1 b5 20. b3 Qd7 21. Bg3
Bd8 22. Kh1 Bb6 23. a5 Ba7 24. Rc2 f5 25. e5 Bd5 26. Kh2 Rc6 27. Qf1 Rec8 28.
Be1 Bb8 29. Qe2 Qe7 30. Bg3 h6 31. Qf2 Ba7 32. Qe2 Kh7 33. Bf2 g5 34. g4 gxf4
35. Rg1 Rg8 36. Rcc1 Rcc8 37. gxf5 exf5 38. Qh5 Qxe5 39. Nf3 Bxf3 40. Qxf3 Rxg1
41. Rxg1 Rg8 42. Qb7+ Rg7 43. Rxg7+ Qxg7 44. Qc8 Qf7 45. Qxa6 Bb8 46. Qxb5 Qc7
47. Kg2 f3+ 1/2-1/2

[Event "24. Erfurter Schachfestival 2014 - Meis"]
[Site "Erfurt"]
[Date "2014.12.30"]
[Round "8.9"]
[White "Zwahr, Paul"]
[Black "Powierski, Emil"]
[Result "1/2-1/2"]
[WhiteElo "2359"]
[BlackElo "2209"]
[PlyCount "67"]
[EventDate "2014.12.26"]
[EventRounds "8"]
[EventCountry "GER"]
[Source "24. ESF 2014"]
[SourceDate "2014.12.30"]

1. e4 c5 2. Nf3 d6 3. d4 cxd4 4. Nxd4 Nf6 5. Nc3 a6 6. Be3 e5 7. Nb3 Be7 8. f3
Be6 9. Qd2 O-O 10. O-O-O Nbd7 11. g4 b5 12. g5 b4 13. gxf6 bxc3 14. Qxc3 Nxf6
15. Na5 Rc8 16. Nc6 Qe8 17. Nxe7+ Qxe7 18. Qa5 Rc6 19. Rg1 Rfc8 20. c3 Qb7 21.
Rg2 Qc7 22. Qa3 Ne8 23. Rgd2 Qb7 24. Bf2 f6 25. Qa5 Qc7 26. Qa4 Qb7 27. Kb1 Kf8
28. Ka1 Rb8 29. Qa3 Kg8 30. Be3 Rbc8 31. Bd3 Qf7 32. Bc2 Bc4 33. Ba4 Bb5 34.
Bb3 1/2-1/2

[Event "24. Erfurter Schachfestival 2014 - Meis"]
[Site "Erfurt"]
[Date "2014.12.30"]
[Round "8.10"]
[White "Engelmann, Jakob"]
[Black "Ohme, Melanie"]
[Result "1/2-1/2"]
[WhiteElo "2182"]
[BlackElo "2301"]
[PlyCount "44"]
[EventDate "2014.12.26"]
[EventRounds "8"]
[EventCountry "GER"]
[Source "24. ESF 2014"]
[SourceDate "2014.12.30"]

1. d4 Nf6 2. Nf3 g6 3. Bg5 Bg7 4. Nbd2 d6 5. e4 O-O 6. c3 Nbd7 7. Be2 e5 8. O-O
Qe8 9. dxe5 Nxe5 10. Re1 Nxf3+ 11. Bxf3 Qb5 12. Bxf6 Bxf6 13. Qc2 Be6 14. Nb3
Qa4 15. Nd4 Qxc2 16. Nxc2 Rae8 17. Ne3 Bc8 18. h3 b6 19. Nd5 Bd8 20. Bg4 f5 21.
exf5 gxf5 22. Bh5 Re5 {"24. Erfurter Schachfestival Senio"]} 1/2-1/2

[Event "24. Erfurter Schachfestival 2014 - Seni"]
[Site "Erfurt"]
[Date "2014.12.26"]
[Round "1.1"]
[White "Weidlich, Günter"]
[Black "Töpfer, Roland"]
[Result "1-0"]
[WhiteElo "2184"]
[BlackElo "1817"]
[PlyCount "151"]
[EventDate "2014.12.26"]
[EventRounds "5"]
[EventCountry "GER"]
[Source "24. ESF 2014"]
[SourceDate "2014.12.30"]

1. d4 Nf6 2. Nf3 d6 3. c4 e6 4. g3 g6 5. Bg2 Bg7 6. O-O O-O 7. Nc3 Nbd7 $146 ({
RR} 7... c6 8. Bg5 Nbd7 9. Qd2 b6 10. Rfd1 Qc7 11. Rac1 Bb7 12. Bh6 d5 13. Bxg7
Kxg7 14. cxd5 exd5 15. Qg5 Rfe8 16. Rc2 Re6 17. Rdc1 Rae8 18. Nh4 b5 19. Bh3
R6e7 20. Nf5+ Kh8 21. Nxe7 Rxe7 22. Nxb5 {Johansson,E (1840)-Thorsson,A (1300)
Sweden 2001 1-0}) 8. e4 a6 9. h3 c5 10. Be3 cxd4 11. Nxd4 Qc7 12. Qe2 Rb8 13.
Rac1 b6 14. Nb3 Bb7 15. Rfd1 Rfd8 16. Nd2 Rbc8 17. Bf4 Ne5 18. b3 Nfd7 19. Nf3
Nxf3+ 20. Bxf3 Ne5 21. Bg2 Bf8 22. Be3 Nd7 23. Bg5 Re8 24. Bf4 Ne5 25. Be3 Nd7
26. Qd2 Nc5 27. Kh2 Bc6 28. Qc2 Qb7 29. b4 Nd7 30. Qe2 Qa8 31. Bh1 Qb8 32. Bf4
Ne5 33. Be3 Ba8 34. Na4 Nd7 35. Bg2 b5 36. cxb5 axb5 37. Nc3 Bc6 38. Bf1 Nf6
39. f3 d5 40. Bg5 Nh5 41. e5 Bxb4 42. g4 Ng7 43. Bf4 Be7 44. Nxb5 Bxb5 45. Qxb5
Qa7 46. Qe2 Ra8 47. Rc2 Qa4 48. Be3 h5 49. Kg2 Rec8 50. Rdc1 Rxc2 51. Rxc2 Kh7
52. Rd2 Rc8 53. Qb5 Qxb5 54. Bxb5 Rc3 55. Kf2 Bc5 56. Bxc5 Rxc5 57. a4 hxg4 58.
hxg4 Kg8 59. Ke3 Kf8 60. Kd4 Rc1 61. Ra2 Ne8 62. a5 Nc7 63. Bd3 Ke7 64. Rc2
Rxc2 65. Bxc2 Kd7 66. Ba4+ Kc8 67. Bc6 Kb8 68. Kc5 Ka7 69. Kd6 d4 70. Kxc7 Ka6
71. Be4 Kxa5 72. Kd6 Kb4 73. Ke7 Kc3 74. Kxf7 Kd2 75. Kxe6 Ke3 76. Kf6 1-0

[Event "24. Erfurter Schachfestival 2014 - Seni"]
[Site "Erfurt"]
[Date "2014.12.26"]
[Round "1.2"]
[White "Wolf, Mario"]
[Black "Selig, Rainer"]
[Result "1/2-1/2"]
[WhiteElo "1832"]
[BlackElo "2101"]
[PlyCount "105"]
[EventDate "2014.12.26"]
[EventRounds "5"]
[EventCountry "GER"]
[Source "24. ESF 2014"]
[SourceDate "2014.12.30"]

1. c4 f5 2. Nc3 Nf6 3. d4 g6 4. g3 Bg7 5. Bg2 d6 6. Nh3 O-O 7. O-O c6 8. Nf4 e5
9. dxe5 dxe5 10. Qxd8 Rxd8 11. Nd3 Re8 12. e4 Na6 13. Re1 fxe4 14. Nxe4 Bf5 15.
Ndc5 Nxc5 16. Nxc5 Rab8 17. Ne4 Nxe4 18. Bxe4 Rbd8 19. f3 a5 20. Be3 a4 21.
Rad1 Kf7 22. Kf2 Bf8 23. Bb6 Rxd1 24. Rxd1 Bxe4 25. fxe4 Ke6 26. Ke2 Be7 27.
Rd3 Rc8 28. Be3 b5 29. cxb5 cxb5 30. Rc3 Rxc3 31. bxc3 Kd6 32. Kd3 Kc6 33. g4
h5 34. h3 Bc5 35. Bh6 Bd6 36. Bg5 Kb6 37. Bd8+ Kc6 38. Bf6 Kc5 39. Bg5 b4 40.
Be3+ Kb5 41. cxb4 Kxb4 42. Bc1 Be7 43. Bb2 Bf6 44. Bc1 Bh4 45. Bb2 Bg3 46. Bc1
Bh2 47. Bb2 Bf4 48. Kc2 Kc4 49. Ba1 Bg3 50. Bc3 hxg4 51. hxg4 Kc5 52. Kd3 Bf4
53. Kc2 1/2-1/2

[Event "24. Erfurter Schachfestival 2014 - Seni"]
[Site "Erfurt"]
[Date "2014.12.26"]
[Round "1.3"]
[White "Wünsch, Ulrich"]
[Black "Flockerzi, Armin"]
[Result "1-0"]
[WhiteElo "2075"]
[BlackElo "1835"]
[PlyCount "47"]
[EventDate "2014.12.26"]
[EventRounds "5"]
[EventCountry "GER"]
[Source "24. ESF 2014"]
[SourceDate "2014.12.30"]

1. d4 d5 2. Nf3 Nf6 3. e3 g6 4. c4 Bg7 5. Nc3 e6 6. Be2 O-O 7. O-O c6 8. b3 b6
9. Bb2 Ba6 10. Rc1 Re8 11. Ne5 Nfd7 12. f4 f5 13. cxd5 Bxe2 14. Qxe2 Nxe5 15.
fxe5 cxd5 16. Nb5 Re7 17. Ba3 Rd7 18. Nd6 Bf8 19. Rc8 Qe7 20. Nb5 Qg5 21. Rxf8+
Kg7 22. Rc1 a6 23. Nc7 Qxe3+ 24. Qxe3 1-0

[Event "24. Erfurter Schachfestival 2014 - Seni"]
[Site "Erfurt"]
[Date "2014.12.26"]
[Round "1.4"]
[White "Loose, Helmut"]
[Black "Haag, Günter"]
[Result "0-1"]
[WhiteElo "1812"]
[BlackElo "2013"]
[PlyCount "98"]
[EventDate "2014.12.26"]
[EventRounds "5"]
[EventCountry "GER"]
[Source "24. ESF 2014"]
[SourceDate "2014.12.30"]

1. e4 c5 2. Nf3 a6 3. d4 cxd4 4. Nxd4 Nf6 5. Nc3 e5 6. Nf3 Bb4 7. Bd3 d5 8. Nd2
Bxc3 9. bxc3 dxe4 10. Be2 O-O 11. a4 Qc7 12. Bb2 Rd8 13. Qc1 Be6 14. O-O Nbd7
15. Re1 Nc5 16. Bf1 Qd7 17. Ba3 Qxd2 18. Bxc5 Qxc1 19. Raxc1 Rdc8 20. Bd6 Nd7
21. Rxe4 Rxc3 22. Bb4 Rc6 23. a5 Bf5 24. Re2 Rac8 25. c3 e4 26. Rd2 h6 27. Rd5
Be6 28. Rd4 Nc5 29. Rcd1 Kh7 30. h3 Na4 31. Rxe4 Nxc3 32. Bxc3 Rxc3 33. Rb4 Rc1
34. Bd3+ g6 35. Rxc1 Rxc1+ 36. Kh2 Bd5 37. Be4 Bxe4 38. Rxe4 Rb1 39. Ra4 Rb5
40. g3 Kg7 41. Kg2 Kf6 42. Ra3 Ke5 43. Kf3 Kd4 44. Ke2 Kc4 45. Re3 f6 46. f4
Rb2+ 47. Kf1 Rb3 48. Re6 Rxg3 49. Rxf6 Rxh3 0-1

[Event "24. Erfurter Schachfestival 2014 - Seni"]
[Site "Erfurt"]
[Date "2014.12.26"]
[Round "1.5"]
[White "Kröncke, Manfred"]
[Black "Stuch, Hans-Ferdinand"]
[Result "1-0"]
[WhiteElo "1996"]
[BlackElo "1842"]
[PlyCount "81"]
[EventDate "2014.12.26"]
[EventRounds "5"]
[EventCountry "GER"]
[Source "24. ESF 2014"]
[SourceDate "2014.12.30"]

1. e4 e5 2. Nf3 Nf6 3. Nxe5 Nxe4 4. Qe2 Qe7 5. Qxe4 d6 6. d4 dxe5 7. dxe5 Nc6
8. Bb5 Bd7 9. O-O Qb4 10. c4 a6 11. a3 Qa5 12. Bd2 Qb6 13. Be3 Bc5 14. Bxc5
Qxc5 15. b4 Qe7 16. Ba4 O-O 17. Nc3 Rac8 18. Rad1 Rfd8 19. Rfe1 Qg5 20. f4 Qf5
21. Qxf5 Bxf5 22. Nd5 Kf8 23. Bxc6 bxc6 24. Ne3 Bd7 25. Rd2 g6 26. Red1 Ke7 27.
Nc2 a5 28. Nd4 axb4 29. axb4 Rb8 30. h3 h5 31. Kf2 Ra8 32. Nb3 Be6 33. Rxd8
Rxd8 34. Rxd8 Kxd8 35. Nd2 Kd7 36. Ke3 c5 37. b5 Ke7 38. Kd3 Bf5+ 39. Kc3 Kd7
40. Nb3 c6 41. b6 1-0

[Event "24. Erfurter Schachfestival 2014 - Seni"]
[Site "Erfurt"]
[Date "2014.12.26"]
[Round "1.6"]
[White "Lüders, Günter"]
[Black "Prachar, Josef"]
[Result "0-1"]
[WhiteElo "1812"]
[BlackElo "1884"]
[PlyCount "57"]
[EventDate "2014.12.26"]
[EventRounds "5"]
[EventCountry "GER"]
[Source "24. ESF 2014"]
[SourceDate "2014.12.30"]

1. d4 Nf6 2. Nf3 g6 3. Bf4 Bg7 4. Nbd2 O-O 5. h3 d6 6. e3 Nbd7 7. Be2 b6 8. O-O
Bb7 9. c3 c5 10. Rc1 Re8 11. Qc2 e5 12. dxe5 dxe5 13. Bh2 Qe7 14. Rfd1 Bc6 15.
Ne1 b5 16. Bf3 e4 17. Be2 Ne5 18. Nf1 Qe6 19. b3 Rac8 20. Rd2 Nd5 21. c4 Nc3
22. cxb5 Nxe2+ 23. Rxe2 Bxb5 24. Rd2 Nd3 25. Rcd1 c4 26. bxc4 Rxc4 27. Qb1 Rb4
28. Qc2 Rc8 29. Bc7 0-1

[Event "24. Erfurter Schachfestival 2014 - Seni"]
[Site "Erfurt"]
[Date "2014.12.26"]
[Round "1.7"]
[White "Scholtyssek, Werner"]
[Black "Klein, Leo"]
[Result "1-0"]
[WhiteElo "1786"]
[BlackElo "1940"]
[PlyCount "33"]
[EventDate "2014.12.26"]
[EventRounds "5"]
[EventCountry "GER"]
[Source "24. ESF 2014"]
[SourceDate "2014.12.30"]

1. c4 c6 2. Nc3 Na6 3. d4 Nc7 4. Bf4 d6 5. e4 g6 6. Nf3 Nf6 7. Bd3 Ne6 8. Be3
Ng4 9. O-O Nxe3 10. fxe3 Bh6 11. Qe2 O-O 12. Rf2 f6 13. Raf1 Qa5 14. a3 Ng5 15.
Nd1 Bg4 16. Qd2 Bxf3 17. Qxa5 1-0

[Event "24. Erfurter Schachfestival 2014 - Seni"]
[Site "Erfurt"]
[Date "2014.12.26"]
[Round "1.9"]
[White "Hülle, Gunter"]
[Black "Hölting, Siegfried"]
[Result "0-1"]
[WhiteElo "1722"]
[BlackElo "1911"]
[PlyCount "81"]
[EventDate "2014.12.26"]
[EventRounds "5"]
[EventCountry "GER"]
[Source "24. ESF 2014"]
[SourceDate "2014.12.30"]

1. b4 e5 2. Bb2 d6 3. e3 Nf6 4. b5 a6 5. a4 axb5 6. axb5 Rxa1 7. Bxa1 Be7 8. c4
O-O 9. Nf3 Bg4 10. Be2 c6 11. h3 Bf5 12. O-O Nbd7 13. d4 Qc7 14. Nc3 h6 15. Bb2
Ra8 16. Qb3 exd4 17. exd4 Ne4 18. Nxe4 Bxe4 19. Nd2 Bf5 20. Ra1 Re8 21. Bd3
Bxd3 22. Qxd3 Bf6 23. Ne4 d5 24. cxd5 cxd5 25. Nxf6+ Nxf6 26. Rc1 Qa5 27. Bc3
Qb6 28. f3 Ra8 29. Bb4 Nd7 30. Bc5 Qe6 31. Bb4 Nf6 32. Re1 Qc8 33. Bd2 Qf8 34.
Rc1 Qd8 35. Qb3 Qb6 36. Qb2 Nd7 37. Qb4 Qa7 38. Bf4 Nf6 39. Rc7 Qb6 40. Rc1 Qe6
41. Re1 0-1

[Event "24. Erfurter Schachfestival 2014 - Seni"]
[Site "Erfurt"]
[Date "2014.12.27"]
[Round "2.1"]
[White "Hölting, Siegfried"]
[Black "Weidlich, Günter"]
[Result "0-1"]
[WhiteElo "1911"]
[BlackElo "2184"]
[PlyCount "84"]
[EventDate "2014.12.26"]
[EventRounds "5"]
[EventCountry "GER"]
[Source "24. ESF 2014"]
[SourceDate "2014.12.30"]

1. e4 g6 2. d4 Bg7 3. Nf3 c6 4. c3 d6 5. h3 Nf6 6. Bd3 Nbd7 7. Be3 O-O 8. O-O
Qc7 9. Qd2 Re8 10. Na3 b6 11. Rac1 a6 12. Nc2 c5 13. c4 cxd4 14. Bxd4 e5 15.
Be3 Bb7 16. Nb4 Nxe4 17. Bxe4 Bxe4 18. Ng5 Bb7 19. Rfd1 Bf8 20. Nd5 Qd8 21. Ne4
Bxd5 22. Bg5 Bxe4 23. Bxd8 Rexd8 24. f3 Bb7 25. Qe2 Rac8 26. b3 Nc5 27. b4 Ne6
28. Qe3 Rc6 29. b5 axb5 30. cxb5 Rxc1 31. Rxc1 Nc5 32. h4 Ra8 33. Rc2 Ra5 34.
Qe2 Ra8 35. Kh2 Bg7 36. Kh3 d5 37. Qd2 d4 38. Rc4 Bc8+ 39. g4 Be6 40. Rc2 Ra3
41. Qg2 Bd5 42. Rf2 Nd3 0-1

[Event "24. Erfurter Schachfestival 2014 - Seni"]
[Site "Erfurt"]
[Date "2014.12.27"]
[Round "2.2"]
[White "Gebuhr, Günter"]
[Black "Wünsch, Ulrich"]
[Result "1-0"]
[WhiteElo "1968"]
[BlackElo "2075"]
[PlyCount "117"]
[EventDate "2014.12.26"]
[EventRounds "5"]
[EventCountry "GER"]
[Source "24. ESF 2014"]
[SourceDate "2014.12.30"]

1. e4 c5 2. Nf3 Nc6 3. d4 cxd4 4. Nxd4 g6 5. Nc3 Bg7 6. Be3 Nf6 7. Bc4 Qa5 8.
O-O O-O 9. Bb3 d6 10. h3 Bd7 11. Qd2 Nxd4 12. Bxd4 Nxe4 13. Nxe4 Qxd2 14. Nxd2
Bxd4 15. c3 Bg7 16. Rfe1 Rfe8 17. Nf3 h6 18. Re3 Bc6 19. Rae1 e6 20. Rd1 d5 21.
Ne5 Bxe5 22. Rxe5 a5 23. a3 b5 24. f4 Reb8 25. Kf2 Rc8 26. g4 Bd7 27. f5 Kg7
28. fxe6 fxe6 29. Bxd5 Rf8+ 30. Bf3 Ra7 31. Ke3 Rc7 32. g5 h5 33. Be4 Rf7 34.
Bd3 Rb7 35. Rf1 Rb6 36. Rxf7+ Kxf7 37. Rc5 Rb7 38. Be4 Ra7 39. b4 axb4 40. axb4
Ra6 41. Bd3 Rb6 42. h4 Rb7 43. Kf4 Be8 44. Ke5 Ke7 45. Be4 Ra7 46. Bc6 Bf7 47.
Rxb5 Ra1 48. Rb7+ Kf8 49. c4 Re1+ 50. Be4 Be8 51. b5 Rc1 52. Rb8 Ke7 53. Kd4
Rd1+ 54. Kc5 Re1 55. Bc6 Bf7 56. b6 e5 57. b7 e4 58. Rc8 Rc1 59. Rc7+ 1-0

[Event "24. Erfurter Schachfestival 2014 - Seni"]
[Site "Erfurt"]
[Date "2014.12.27"]
[Round "2.3"]
[White "Haag, Günter"]
[Black "Kolodny, Leonid"]
[Result "1-0"]
[WhiteElo "2013"]
[BlackElo "1962"]
[PlyCount "85"]
[EventDate "2014.12.26"]
[EventRounds "5"]
[EventCountry "GER"]
[Source "24. ESF 2014"]
[SourceDate "2014.12.30"]

1. e4 c5 2. g3 Nc6 3. Bg2 d6 4. Ne2 Nf6 5. c3 g6 6. d4 Bg7 7. dxc5 dxc5 8.
Qxd8+ Nxd8 9. Be3 Ne6 10. h3 Nd7 11. Na3 a6 12. Rd1 Rb8 13. f4 b5 14. f5 Nd8
15. Bf4 Ne5 16. Rd5 Ndc6 17. O-O b4 18. cxb4 Rxb4 19. b3 Nd7 20. Nc2 Rb7 21.
Be3 c4 22. Ned4 Nxd4 23. Nxd4 cxb3 24. Rc1 O-O 25. Nxb3 Be5 26. g4 Rc7 27. Rcd1
f6 28. Bf1 Bd6 29. Na5 Nc5 30. R5d4 Nb7 31. Nb3 Nc5 32. Rc4 Nxb3 33. axb3 gxf5
34. Rxd6 Rb7 35. Rb6 fxg4 36. Rxc8 Rxc8 37. Rxb7 Rc3 38. Bh6 Kf7 39. hxg4 Rg3+
40. Kf2 Rxg4 41. Bc4+ Kg6 42. Bf8 Rxe4 43. Bd3 1-0

[Event "24. Erfurter Schachfestival 2014 - Seni"]
[Site "Erfurt"]
[Date "2014.12.27"]
[Round "2.4"]
[White "Wittkugel, Friedhelm"]
[Black "Kröncke, Manfred"]
[Result "1/2-1/2"]
[WhiteElo "1919"]
[BlackElo "1996"]
[PlyCount "37"]
[EventDate "2014.12.26"]
[EventRounds "5"]
[EventCountry "GER"]
[Source "24. ESF 2014"]
[SourceDate "2014.12.30"]

1. d4 d5 2. e4 dxe4 3. Nc3 Nf6 4. Bg5 Bf5 5. Qe2 c6 6. O-O-O e6 7. Bxf6 Qxf6 8.
Nxe4 Bxe4 9. Qxe4 Bd6 10. Nf3 Nd7 11. g3 O-O-O 12. Kb1 Kb8 13. Bg2 Nb6 14. Qd3
e5 15. Qb3 exd4 16. a4 Kc7 17. a5 Nd7 18. Nxd4 Bc5 19. Qc4 1/2-1/2

[Event "24. Erfurter Schachfestival 2014 - Seni"]
[Site "Erfurt"]
[Date "2014.12.27"]
[Round "2.5"]
[White "Prachar, Josef"]
[Black "Scholtyssek, Werner"]
[Result "1/2-1/2"]
[WhiteElo "1884"]
[BlackElo "1786"]
[PlyCount "38"]
[EventDate "2014.12.26"]
[EventRounds "5"]
[EventCountry "GER"]
[Source "24. ESF 2014"]
[SourceDate "2014.12.30"]

1. d4 c5 2. e3 e6 3. Nf3 b6 4. Bd3 Bb7 5. O-O Nf6 6. Nbd2 Be7 7. b3 Ba6 8. c4
O-O 9. Bb2 Nc6 10. Rc1 Nb4 11. Bb1 d5 12. Ne5 dxc4 13. bxc4 Bb7 14. a3 Nc6 15.
Qc2 cxd4 16. Nxc6 Bxc6 17. Bxd4 g6 18. Qb2 Ne8 19. Be4 Bxe4 {

[Event "24. Erfurter Schachfestival 2014 - Seni"]
[Site "Erfurt"]
[Date "2014.12.28"]
[Round "3.1"]
[White "Wolf, Mario"]
[Black "Klein, Leo"]
[Result "1-0"]
[WhiteElo "1832"]
[BlackElo "1940"]
[PlyCount "49"]
[EventDate "2014.12.26"]
[EventRounds "5"]
[EventCountry "GER"]
[Source "24. ESF 2014"]
[SourceDate "2014.12.30"]

1. d4 c6 2. e4 d6 3. c4 Nf6 4. Nc3 g6 5. Be2 Qc7 6. Bg5 Bg7 7. h3 Qa5 8. Qd2 h6
9. Be3 Nbd7 10. Nf3 Ng8 11. Rb1 Qc7 12. b4 Nf8 13. Qc2 a6 14. Bd3 g5 15. Nh2 e5
16. d5 Nf6 17. Na4 N8d7 18. O-O O-O 19. Rfe1 b6 20. Qb3 Bb7 21. Nc3 Qd8 22. a4
Rc8 23. dxc6 Rxc6 24. Nd5 Nxd5 25. cxd5 {ZÜ} 1-0

[Event "24. Erfurter Schachfestival 2014 - Seni"]
[Site "Erfurt"]
[Date "2014.12.28"]
[Round "3.2"]
[White "Weidlich, Günter"]
[Black "Gebuhr, Günter"]
[Result "1-0"]
[WhiteElo "2184"]
[BlackElo "1968"]
[PlyCount "87"]
[EventDate "2014.12.26"]
[EventRounds "5"]
[EventCountry "GER"]
[Source "24. ESF 2014"]
[SourceDate "2014.12.30"]

1. d4 Nf6 2. Nf3 e6 3. g3 c5 4. Bg2 cxd4 5. Nxd4 Nc6 6. O-O d5 7. c4 Qb6 8.
Nxc6 bxc6 9. Qc2 Bd7 10. Nd2 Be7 11. e3 O-O 12. b3 Rab8 13. Bb2 a5 14. Rab1 Rb7
15. Rfc1 Rc8 16. h3 Ne8 17. e4 Bc5 18. Rf1 Bd4 19. Bxd4 Qxd4 20. Rfe1 f6 21. c5
Rb5 22. Rbc1 a4 23. Bf1 Rbb8 24. Rb1 axb3 25. axb3 Nc7 26. b4 Nb5 27. Rb3 Qe5
28. Nf3 Qh5 29. e5 Ra8 30. Qb2 f5 31. Bxb5 cxb5 32. Kg2 Qe8 33. Ra1 Bc6 34. Nd4
Kf7 35. Rba3 Rxa3 36. Rxa3 Ra8 37. Qa1 Ra4 38. Qb2 Ra8 39. Kh2 Ke7 40. Rxa8
Qxa8 41. Qe2 Qe8 42. Qa2 Qc8 43. Qa7+ Kf8 44. Qb6 1-0